[Event "Titled Tuesday intern op 13th Feb Early"]
[Site "Chess.com INT"]
[Date "2024.02.13"]
[Round "3"]
[White "Paragua, Megan Althea"]
[Black "Saravana, Krishnan P"]
[Result "0-1"]
[WhiteElo "1970"]
[BlackElo "2246"]
[PlyCount "62"]
[EventDate "2024.02.13"]
[EventType "swiss (blitz)"]
[EventRounds "11"]
[EventCountry "USA"]
[SourceTitle "CB08_2024"]
[SourceDate "2024.02.21"]
[SourceVersion "1"]
[SourceVersionDate "2024.02.21"]
[SourceQuality "1"]

1. d4 Nf6 2. Bg5 Ne4 3. Bf4 e6 4. f3 Bd6 5. Bxd6 Nxd6 6. e4 f5 7. e5 Nf7 8. c3 0-0 9. Bd3 d6 10. f4 c5 11. Nf3 Nc6 12. Bc4 cxd4 13. cxd4 dxe5 14. fxe5 Qb6 15. Qd2 Rd8 16. 0-0 Nxd4 17. Qf2 Nxf3+ 18. gxf3 Qxf2+ 19. Rxf2 Nxe5 20. Bb3 Rd3 21. Kg2 b6 22. Nc3 Kf7 23. Re1 Ng6 24. Kg3 Bd7 25. Na4 Bxa4 26. Bxa4 Kf6 27. Bb3 e5 28. Rc2 e4 29. Rc6+ Kg5 30. Bd1 exf3 31. Bxf3 Nh4 0-1

[Event "Titled Tuesday intern op 13th Feb Early"]
[Site "Chess.com INT"]
[Date "2024.02.13"]
[Round "2"]
[White "Saravana, Krishnan P"]
[Black "Vakhlamov, Igor L"]
[Result "0-1"]
[WhiteElo "2246"]
[BlackElo "2413"]
[PlyCount "116"]
[EventDate "2024.02.13"]
[EventType "swiss (blitz)"]
[EventRounds "11"]
[EventCountry "USA"]
[SourceTitle "CB08_2024"]
[SourceDate "2024.02.21"]
[SourceVersion "1"]
[SourceVersionDate "2024.02.21"]
[SourceQuality "1"]

1. e4 c5 2. Nf3 e6 3. d4 cxd4 4. Nxd4 Nf6 5. Nc3 Nc6 6. Ndb5 Bc5 7. Nd6+ Ke7 8. Nxc8+ Rxc8 9. Bd3 Qc7 10. Qe2 h5 11. Be3 Bxe3 12. Qxe3 a6 13. 0-0-0 b5 14. Kb1 Ng4 15. Qg5+ Kf8 16. h3 Nge5 17. f4 Nxd3 18. cxd3 f6 19. Qc5+ Ne7 20. Qf2 Kf7 21. Rc1 Qc5 22. d4 Qb6 23. Qd2 b4 24. Na4 Qb5 25. Nc5 d6 26. Nd3 a5 27. d5 exd5 28. e5 dxe5 29. fxe5 b3 30. axb3 Qxb3 31. exf6 gxf6 32. Rce1 Ng6 33. Rhf1 Rhe8 34. Rxe8 Rxe8 35. Nc1 Qc4 36. Qf2 Re6 37. Rd1 Rc6 38. Nd3 Qe4 39. Qa7+ Ne7 40. Qxa5 Nf5 41. Qa7+ Kg6 42. Qd7 Re6 43. Qxd5 Ne3 44. Qxe6 Qxe6 45. Nf4+ Kf5 46. Nxe6 Nxd1 47. Nd4+ Ke4 48. Nf3 Ne3 49. Ne1 Kd4 50. Nc2+ Kd3 51. Nxe3 Kxe3 52. Kc2 f5 53. Kc3 f4 54. b4 Kf2 55. b5 Kxg2 56. b6 f3 57. b7 f2 58. b8Q f1Q 0-1

[Event "Bangalore op 1st"]
[Site "Bangalore"]
[Date "2024.01.21"]
[Round "6"]
[White "Stany, George Anthony"]
[Black "Saravana, Krishnan P"]
[Result "0-1"]
[WhiteElo "2459"]
[BlackElo "2269"]
[PlyCount "112"]
[EventDate "2024.01.18"]
[EventType "swiss"]
[EventRounds "10"]
[EventCountry "IND"]
[SourceTitle "CB05_2024"]
[SourceDate "2024.01.31"]
[SourceVersion "1"]
[SourceVersionDate "2024.01.31"]
[SourceQuality "1"]

1. e4 e5 2. Nf3 Nc6 3. Bb5 Nf6 4. d3 d6 5. 0-0 g6 6. Re1 Bg7 7. c3 0-0 8. d4 Bd7 9. Ba4 Nh5 10. d5 Ne7 11. Bxd7 Qxd7 12. c4 h6 13. Nc3 f5 14. exf5 Nxf5 15. Be3 Nxe3 16. fxe3 Qf5 17. Nd2 Qf2+ 18. Kh1 e4 19. Ncxe4 Qh4 20. h3 Bxb2 21. Rb1 Be5 22. Qg4 Ng3+ 23. Nxg3 Qxg3 24. Qxg3 Bxg3 25. Rf1 b6 26. Ne4 Be5 27. g4 Rf5 28. Rf2 Rxf2 29. Re1 Rf1+ 30. Rxf1 Re8 31. Re1 Bb2 32. Ng3 Bf6 33. Kg2 Bh4 34. e4 Kg7 35. Re2 Kf6 36. Rf2+ Ke5 37. Rf7 Re7 38. Rxe7+ Bxe7 39. Kf3 Kd4 40. Ne2+ Kxc4 41. Nf4 g5 42. Ne6 b5 43. Nxc7 b4 44. e5 dxe5 45. Ke4 a5 46. Kxe5 a4 47. Ke6 Bf8 48. Ne8 b3 49. d6 Bxd6 50. Nxd6+ Kd3 51. axb3 a3 52. b4 a2 53. b5 a1Q 54. b6 Qb2 55. b7 Qb6 56. Kd7 Ke2 0-1

[Event "Chennai op 14th"]
[Site "Chennai"]
[Date "2024.01.02"]
[Round "4"]
[White "Adhiraj, Mitra"]
[Black "Saravana, Krishnan P"]
[Result "0-1"]
[WhiteElo "1627"]
[BlackElo "2269"]
[PlyCount "80"]
[EventDate "2023.12.31"]
[EventType "swiss"]
[EventRounds "10"]
[EventCountry "IND"]
[SourceTitle "CB02_2024"]
[SourceDate "2024.01.10"]
[SourceVersion "1"]
[SourceVersionDate "2024.01.10"]
[SourceQuality "1"]

1. e4 c6 2. d4 d5 3. Nc3 dxe4 4. Nxe4 Nf6 5. Nxf6+ exf6 6. Nf3 Bd6 7. Be2 0-0 8. Be3 Re8 9. Qd2 Nd7 10. 0-0-0 Nf8 11. d5 c5 12. Qc3 Bd7 13. Rhe1 Qc7 14. Nd2 b5 15. Bf3 b4 16. Qd3 Ng6 17. Nc4 Bb5 18. Qb3 Bxc4 19. Qxc4 a5 20. Kb1 a4 21. g3 Ne5 22. Qe2 c4 23. Bg2 c3 24. Bd4 Reb8 25. Bxe5 fxe5 26. b3 g6 27. Rc1 Ra5 28. Qd3 Qa7 29. Re2 Ra8 30. a3 axb3 31. cxb3 Rxa3 32. Kc2 Rxb3 33. Kd1 Ra3 34. Qc4 Ra1 35. Rec2 Rxc1+ 36. Rxc1 Qxf2 37. Qe2 Qd4+ 38. Ke1 b3 39. Rd1 Qg1+ 40. Bf1 c2 0-1

[Event "Titled Tuesday intern op 19th Dec Early"]
[Site "Chess.com INT"]
[Date "2023.12.19"]
[Round "2"]
[White "Drygalov, Sergey"]
[Black "Saravana, Krishnan P"]
[Result "1-0"]
[WhiteElo "2547"]
[BlackElo "2269"]
[PlyCount "97"]
[EventDate "2023.12.19"]
[EventType "swiss (blitz)"]
[EventRounds "11"]
[EventCountry "USA"]
[SourceTitle "CB52_2023"]
[SourceDate "2023.12.27"]
[SourceVersion "1"]
[SourceVersionDate "2023.12.27"]
[SourceQuality "1"]

1. d4 Nf6 2. c4 e6 3. Nf3 d5 4. Nc3 c6 5. Bg5 Nbd7 6. e3 Qa5 7. cxd5 Nxd5 8. Qd2 Bb4 9. Rc1 b6 10. e4 N5f6 11. Bd3 Ba6 12. e5 Nd5 13. 0-0 h6 14. Bh4 Bxd3 15. Qxd3 Bxc3 16. bxc3 Nf4 17. Qe4 g5 18. Bg3 Qd5 19. Qe3 Nxg2 20. Kxg2 g4 21. c4 gxf3+ 22. Qxf3 Qxf3+ 23. Kxf3 h5 24. Bf4 Nf8 25. Ke4 Rd8 26. Bg5 Rd7 27. Bf6 Rg8 28. Rg1 Ng6 29. a4 Kf8 30. Rb1 Ne7 31. Rxg8+ Nxg8 32. a5 Rb7 33. Bd8 Ke8 34. a6 Rb8 35. Bg5 Ne7 36. f4 Nf5 37. d5 cxd5+ 38. cxd5 Rc8 39. d6 Rc4+ 40. Kd3 Rd4+ 41. Ke2 Rc4 42. Bf6 Kd7 43. Rg1 Rxf4 44. Rg8 Nxd6 45. Rd8+ Kc7 46. exd6+ Kc6 47. Be7 Rd4 48. Rc8+ Kb5 49. Rc7 1-0

[Event "Titled Tuesday intern op 19th Dec Early"]
[Site "Chess.com INT"]
[Date "2023.12.19"]
[Round "9"]
[White "Matinian, Nikita"]
[Black "Saravana, Krishnan P"]
[Result "0-1"]
[WhiteElo "2418"]
[BlackElo "2269"]
[PlyCount "58"]
[EventDate "2023.12.19"]
[EventType "swiss (blitz)"]
[EventRounds "11"]
[EventCountry "USA"]
[SourceTitle "CB52_2023"]
[SourceDate "2023.12.27"]
[SourceVersion "1"]
[SourceVersionDate "2023.12.27"]
[SourceQuality "1"]

1. e4 c6 2. Nc3 d5 3. Nf3 dxe4 4. Nxe4 Nf6 5. Qe2 Nxe4 6. Qxe4 Be6 7. c4 g6 8. d4 Bg7 9. Be2 0-0 10. 0-0 Nd7 11. Rd1 Qb6 12. Qh4 Nf6 13. b3 Bg4 14. Bh6 Bxf3 15. Bxf3 Rfd8 16. Bxg7 Kxg7 17. Qf4 Rd7 18. Rd2 Rad8 19. Rad1 Qa5 20. Qe3 e6 21. h4 h5 22. g3 Qf5 23. Kg2 a5 24. a3 a4 25. b4 Ng4 26. Bxg4 hxg4 27. f4 b5 28. Rc1 bxc4 29. Rxc4 Qd5+ 0-1

[Event "Titled Tuesday intern op 19th Dec Early"]
[Site "Chess.com INT"]
[Date "2023.12.19"]
[Round "6"]
[White "Pichot, Alan"]
[Black "Saravana, Krishnan P"]
[Result "0-1"]
[WhiteElo "2651"]
[BlackElo "2269"]
[PlyCount "138"]
[EventDate "2023.12.19"]
[EventType "swiss (blitz)"]
[EventRounds "11"]
[EventCountry "USA"]
[SourceTitle "CB52_2023"]
[SourceDate "2023.12.27"]
[SourceVersion "1"]
[SourceVersionDate "2023.12.27"]
[SourceQuality "1"]

1. d4 Nf6 2. Nf3 d5 3. c4 c6 4. Qc2 dxc4 5. Qxc4 Bf5 6. g3 e6 7. Bg2 Be7 8. 0-0 0-0 9. Nc3 Nbd7 10. Qb3 Qb6 11. Qa4 Ne4 12. Nxe4 Bxe4 13. Ne5 Bxg2 14. Nxd7 Qc7 15. Nxf8 Bxf1 16. Nxe6 Qd7 17. Kxf1 Qxe6 18. Qb3 Qe4 19. f3 Qxd4 20. Be3 Qd7 21. Rd1 Qc8 22. Bd4 Qh3+ 23. Kg1 Rd8 24. Bxa7 Rxd1+ 25. Qxd1 Qe6 26. b3 c5 27. Bb8 Qe3+ 28. Kg2 g5 29. Qd3 Qe6 30. e4 g4 31. f4 b5 32. f5 Qc8 33. Qxb5 Qd8 34. Bf4 Qd1 35. Qf1 Qc2+ 36. Kg1 Qxe4 37. h4 gxh3 38. Kh2 Qxf5 39. Qxh3 Qc2+ 40. Qg2 Qd1 41. Qa8+ Kg7 42. Qe4 Bf6 43. Kg2 Qa1 44. Qe2 Qd4 45. Qg4+ Kf8 46. Bh6+ Ke7 47. Qc8 Qe4+ 48. Kh2 Qe2+ 49. Kh3 Qh5+ 50. Kg2 Qxh6 51. Qxc5+ Ke6 52. Qc6+ Kf5 53. Qd5+ Kg6 54. Qe4+ Kg7 55. a4 Qh5 56. b4 Qg5 57. b5 Qd2+ 58. Kh3 Qd7+ 59. Kg2 Bd8 60. Qf3 f5 61. Qc3+ Bf6 62. Qf3 Qd2+ 63. Kh3 Qd7 64. Kg2 Kg6 65. Qf2 Bd8 66. Qe2 Qd5+ 67. Kh3 Qh1+ 68. Qh2 Qxh2+ 69. Kxh2 Kg5 0-1

[Event "Titled Tuesday intern op 19th Dec Early"]
[Site "Chess.com INT"]
[Date "2023.12.19"]
[Round "3"]
[White "Saravana, Krishnan P"]
[Black "Balint, Vilmos"]
[Result "0-1"]
[WhiteElo "2269"]
[BlackElo "2223"]
[PlyCount "74"]
[EventDate "2023.12.19"]
[EventType "swiss (blitz)"]
[EventRounds "11"]
[EventCountry "USA"]
[SourceTitle "CB52_2023"]
[SourceDate "2023.12.27"]
[SourceVersion "1"]
[SourceVersionDate "2023.12.27"]
[SourceQuality "1"]

1. e4 e6 2. d4 d5 3. Nd2 c5 4. Ngf3 cxd4 5. Nxd4 Nc6 6. Bb5 Bd7 7. Nxc6 bxc6 8. Bd3 Bc5 9. 0-0 Qh4 10. Nf3 Qh5 11. c4 Nf6 12. cxd5 cxd5 13. e5 Ng4 14. Bf4 g5 15. Bg3 Rb8 16. Rc1 Bb6 17. Be2 Qg6 18. Bd3 Qg7 19. Qd2 Rg8 20. a4 h5 21. a5 Bd8 22. h3 Nh6 23. Rc5 g4 24. hxg4 Nxg4 25. Rfc1 Nxf2 26. Qxf2 Qxg3 27. Qxg3 Rxg3 28. Kf2 Rg4 29. R1c2 Rgb4 30. Be2 Rxb2 31. Nd4 h4 32. a6 Rxc2 33. Rxc2 Bb6 34. Ke3 Rc8 35. Rxc8+ Bxc8 36. Kd3 Bxa6+ 37. Kc3 Bxd4+ 0-1

[Event "Batumi Municipality Cup"]
[Site "Batumi"]
[Date "2023.07.10"]
[Round "9"]
[White "Saravana, Krishnan P"]
[Black "Chkhaidze, Nikoloz"]
[Result "1-0"]
[WhiteElo "2218"]
[BlackElo "2293"]
[PlyCount "127"]
[EventDate "2023.07.02"]
[EventType "swiss"]
[EventRounds "9"]
[EventCountry "GEO"]
[SourceTitle "CBM 215 Extra"]
[Source "ChessBase"]
[SourceDate "2023.09.30"]
[SourceVersion "1"]
[SourceVersionDate "2023.09.30"]
[SourceQuality "1"]

1. Nc3 c5 2. Nf3 Nc6 3. e4 e6 4. Bb5 Nd4 5. a4 Ne7 6. Nxd4 cxd4 7. Ne2 Nc6 8. c3 dxc3 9. dxc3 Be7 10. Qd3 0-0 11. 0-0 d6 12. Qg3 Bh4 13. Qe3 Na5 14. Nd4 e5 15. Nf3 Be6 16. Rd1 Bf6 17. b4 Nc4 18. Qe2 Rc8 19. Nd2 Nxd2 20. Bxd2 Bg5 21. Bd3 Bxd2 22. Qxd2 Qc7 23. c4 f6 24. Be2 Rfd8 25. Rac1 b6 26. h3 Qc6 27. c5 bxc5 28. bxc5 d5 29. Qa5 d4 30. Qxa7 Qxe4 31. Qa6 Bb3 32. Bg4 Ra8 33. Qd3 Qd5 34. Bf3 Qf7 35. Bxa8 Bxd1 36. Be4 Bxa4 37. c6 g6 38. Qa6 Bxc6 39. Rxc6 Kg7 40. Qb6 Rd7 41. Bd3 Qe7 42. Qb1 f5 43. f3 Qg5 44. Rc1 h5 45. Re1 Re7 46. Qb4 Qf6 47. Qc5 h4 48. Qd5 Kh6 49. Qd8 Kg5 50. Qb8 Kh6 51. Rb1 e4 52. fxe4 fxe4 53. Rb6 Qe5 54. Qf8+ Kh7 55. Bc4 Qg7 56. Qf4 Qe5 57. Qxh4+ Kg7 58. Rb8 Qxb8 59. Qxe7+ Kh6 60. Qxe4 Qd6 61. Bd3 Kg5 62. Kf2 Qf6+ 63. Ke2 Kh5 64. Qxg6+ 1-0

[Event "Batumi Municipality Cup"]
[Site "Batumi"]
[Date "2023.07.09"]
[Round "8"]
[White "Morchiashvili, Bachana"]
[Black "Saravana, Krishnan P"]
[Result "1-0"]
[WhiteElo "2268"]
[BlackElo "2218"]
[PlyCount "135"]
[EventDate "2023.07.02"]
[EventType "swiss"]
[EventRounds "9"]
[EventCountry "GEO"]
[SourceTitle "CBM 215 Extra"]
[Source "ChessBase"]
[SourceDate "2023.09.30"]
[SourceVersion "1"]
[SourceVersionDate "2023.09.30"]
[SourceQuality "1"]

1. d4 Nf6 2. c4 e6 3. Nf3 d5 4. Nc3 c6 5. Bg5 Nbd7 6. cxd5 exd5 7. e3 h6 8. Bh4 g5 9. Bg3 Nh5 10. Bd3 Nxg3 11. fxg3 Bg7 12. 0-0 Nb6 13. Qc2 Be6 14. Kh1 Qe7 15. a4 a5 16. Ne2 Nc4 17. Bxc4 dxc4 18. Nd2 0-0 19. Rae1 Rad8 20. Nc3 c5 21. d5 Bxc3 22. Qxc3 Bxd5 23. e4 Be6 24. Qxa5 Rd3 25. Nb1 Qd6 26. Nc3 Qe5 27. Qb6 Kg7 28. a5 h5 29. Qxb7 h4 30. Qe7 Rd7 31. Rf5 Rxe7 32. Rxe5 hxg3 33. Rxg5+ Kf6 34. Rxc5 Rh8 35. Rf1+ Kg6 36. h3 Rb7 37. Rf3 Rxb2 38. Rxg3+ Kf6 39. Nd5+ Ke5 40. Nc7+ Kd4 41. Rc6 Rb1+ 42. Kh2 Ra1 43. a6 Rb8 44. Rg7 Rbb1 45. a7 Rh1+ 46. Kg3 Ra3+ 47. Kh4 Rha1 48. Nb5+ Kxe4 49. Nxa3 Rxa3 50. Rc7 Ke5 51. Rg8 Kd6 52. Rb7 Bd5 53. Rd8+ Kc5 54. Rc7+ Kb6 55. Rxc4 Bxg2 56. Rc2 Be4 57. Re2 Bc6 58. Rd6 Kc5 59. Rf6 Ra4+ 60. Kg5 Bd5 61. Rf5 Rxa7 62. Rc2+ Kd6 63. Rd2 Ra5 64. h4 Ke6 65. Rdxd5 Rxd5 66. Rxd5 f6+ 67. Kg6 Kxd5 68. Kxf6 1-0

[Event "Titled Tuesday intern op 18th Apr Early"]
[Site "Chess.com INT"]
[Date "2023.04.18"]
[Round "11"]
[White "Koutsin, Sergey"]
[Black "Saravana, Krishnan P"]
[Result "0-1"]
[WhiteElo "2481"]
[BlackElo "2284"]
[PlyCount "100"]
[EventDate "2023.04.18"]
[EventType "swiss (blitz)"]
[EventRounds "11"]
[EventCountry "USA"]
[SourceTitle "EXT 2024"]
[Source "ChessBase"]
[SourceDate "2023.10.10"]
[SourceVersion "1"]
[SourceVersionDate "2023.10.10"]
[SourceQuality "1"]

1. d4 d5 2. c4 c6 3. cxd5 cxd5 4. Nf3 Nc6 5. Nc3 Nf6 6. Bf4 Ne4 7. Qb3 Nxc3 8. bxc3 e6 9. e3 Bd6 10. Bxd6 Qxd6 11. Bb5 0-0 12. 0-0 Na5 13. Qa4 b6 14. Nd2 a6 15. Bd3 Bd7 16. Qb4 Qc7 17. a4 Rfc8 18. Rfc1 Nc4 19. Nxc4 dxc4 20. Be4 Rab8 21. Rcb1 Bc6 22. Bxc6 Qxc6 23. Rb2 Rb7 24. Rab1 h5 25. f3 h4 26. e4 h3 27. g3 Qd7 28. Qa3 b5 29. axb5 axb5 30. Ra1 e5 31. d5 Rcb8 32. Qc5 Qd8 33. Rab1 Qf6 34. Qf2 Qd6 35. Qe2 g6 36. Qf1 Qc5+ 37. Qf2 Qc8 38. Qe3 Kg7 39. Ra1 b4 40. cxb4 Rxb4 41. Rxb4 Rxb4 42. Rc1 Qa6 43. Qc3 Qd6 44. Qe3 f6 45. Kh1 Rb3 46. Qe2 Qb4 47. Qc2 Rb2 48. Qd1 Rf2 49. d6 Qb2 50. Qg1 Rg2 0-1

[Event "Titled Tuesday intern op 18th Apr Early"]
[Site "Chess.com INT"]
[Date "2023.04.18"]
[Round "4"]
[White "Lenoir Ibacache, Gabriel Alberto"]
[Black "Saravana, Krishnan P"]
[Result "0-1"]
[WhiteElo "2225"]
[BlackElo "2284"]
[PlyCount "84"]
[EventDate "2023.04.18"]
[EventType "swiss (blitz)"]
[EventRounds "11"]
[EventCountry "USA"]
[SourceTitle "EXT 2024"]
[Source "ChessBase"]
[SourceDate "2023.10.10"]
[SourceVersion "1"]
[SourceVersionDate "2023.10.10"]
[SourceQuality "1"]

1. e4 c6 2. d4 d5 3. e5 Bf5 4. Nf3 e6 5. Be2 Nd7 6. 0-0 Ne7 7. Nbd2 Nc8 8. a4 Be7 9. a5 a6 10. Nb3 0-0 11. Be3 Na7 12. h3 Rc8 13. Qd2 Be4 14. Ng5 Bg6 15. c4 dxc4 16. Bxc4 Nb5 17. Rfd1 Nc7 18. Nc5 Bxc5 19. dxc5 Nxe5 20. Qxd8 Rfxd8 21. Bf4 Nxc4 22. Bxc7 Rd5 23. Rxd5 cxd5 24. Bb6 Nxb2 25. Nf3 Nd3 26. Rd1 f6 27. Nh4 Ne5 28. f4 Nc6 29. Nxg6 hxg6 30. Re1 Kf7 31. Kf2 e5 32. fxe5 fxe5 33. Ke3 Ke6 34. Rf1 Ne7 35. g4 d4+ 36. Ke4 Rh8 37. Rf3 Nf5 38. Rb3 Ne3 39. Ba7 Nd5 40. Rxb7 Rxh3 41. Rb6+ Nxb6 42. axb6 Re3# 0-1

[Event "Titled Tuesday intern op 18th Apr Early"]
[Site "Chess.com INT"]
[Date "2023.04.18"]
[Round "10"]
[White "Saravana, Krishnan P"]
[Black "Lach, Aleksandra"]
[Result "1-0"]
[WhiteElo "2284"]
[BlackElo "2184"]
[PlyCount "75"]
[EventDate "2023.04.18"]
[EventType "swiss (blitz)"]
[EventRounds "11"]
[EventCountry "USA"]
[SourceTitle "EXT 2024"]
[Source "ChessBase"]
[SourceDate "2023.10.10"]
[SourceVersion "1"]
[SourceVersionDate "2023.10.10"]
[SourceQuality "1"]

1. e4 c5 2. Nf3 d6 3. d4 cxd4 4. Nxd4 Nf6 5. Nc3 g6 6. Be3 Bg7 7. f3 a6 8. Qd2 h5 9. Nd5 Nxd5 10. exd5 Nd7 11. c4 Ne5 12. Be2 Bd7 13. h3 Rc8 14. b3 f5 15. f4 Nf7 16. 0-0 0-0 17. Rac1 Re8 18. Bf3 b5 19. cxb5 axb5 20. Ne6 Bxe6 21. dxe6 Nh6 22. Bc6 Rf8 23. Bxb5 Kh7 24. Bd7 Ra8 25. a4 Ng8 26. Bc6 Rb8 27. b4 Qc8 28. Bd5 Qa6 29. a5 Qb5 30. Rc7 Nf6 31. Bf3 Ng8 32. Rfc1 Qxb4 33. Qxb4 Rxb4 34. a6 Nf6 35. a7 Ne4 36. Rxe7 d5 37. Rcc7 Rb1+ 38. Kh2 1-0

[Event "Titled Tuesday intern op 18th Apr Early"]
[Site "Chess.com INT"]
[Date "2023.04.18"]
[Round "6"]
[White "Saravana, Krishnan P"]
[Black "Szajbely, Zsigmond"]
[Result "1/2-1/2"]
[WhiteElo "2284"]
[BlackElo "2243"]
[PlyCount "91"]
[EventDate "2023.04.18"]
[EventType "swiss (blitz)"]
[EventRounds "11"]
[EventCountry "USA"]
[SourceTitle "EXT 2024"]
[Source "ChessBase"]
[SourceDate "2023.10.10"]
[SourceVersion "1"]
[SourceVersionDate "2023.10.10"]
[SourceQuality "1"]

1. e4 e5 2. Nf3 Nc6 3. Bb5 a6 4. Ba4 Bc5 5. c3 Nge7 6. d4 exd4 7. cxd4 Bb4+ 8. Nc3 d5 9. e5 Bg4 10. 0-0 0-0 11. Be3 f6 12. exf6 Rxf6 13. Bb3 Bxf3 14. gxf3 Rg6+ 15. Kh1 Bxc3 16. bxc3 Qd7 17. Rg1 Rf8 18. f4 Rxg1+ 19. Qxg1 Ng6 20. Qg2 Nce7 21. Rg1 Rf7 22. Bc2 Nf5 23. Qg5 c6 24. Bd3 Qe6 25. Qg4 Qf6 26. Bd2 Nd6 27. Bxg6 hxg6 28. Qxg6 Ne4 29. Qxf6 Rxf6 30. Be1 Rxf4 31. Kg2 Rg4+ 32. Kf1 Rxg1+ 33. Kxg1 Kf7 34. f3 Nd6 35. Kf2 Ke6 36. Ke3 Kf5 37. Bg3 Nc4+ 38. Kd3 b5 39. h4 a5 40. Kc2 g6 41. Kd3 a4 42. Bc7 Nb2+ 43. Kc2 Nc4 44. Kd3 Kf6 45. Bd8+ Kf5 46. Bc7 1/2-1/2

[Event "Indore op 1st"]
[Site "Indore"]
[Date "2023.04.08"]
[Round "10"]
[White "Pantsulaia, Levan"]
[Black "Saravana, Krishnan P"]
[Result "1-0"]
[WhiteElo "2597"]
[BlackElo "2284"]
[PlyCount "109"]
[EventDate "2023.04.01"]
[EventType "swiss"]
[EventRounds "10"]
[EventCountry "IND"]
[SourceTitle "CBM 213 Extra"]
[Source "ChessBase"]
[SourceDate "2023.05.31"]
[SourceVersion "1"]
[SourceVersionDate "2023.05.31"]
[SourceQuality "1"]

1. Nf3 d5 2. c4 c6 3. g3 Nf6 4. Bg2 g6 5. b3 Bg7 6. Bb2 0-0 7. d3 a5 8. Nbd2 Qb6 9. Rb1 Rd8 10. Qc2 a4 11. b4 dxc4 12. Nxc4 Qxb4+ 13. Nfd2 Qc5 14. Ba3 Qh5 15. Nb6 Ra7 16. Bxe7 Re8 17. Nxc8 Rxc8 18. Bf3 Qf5 19. Qc5 Qxc5 20. Bxc5 Ra5 21. Ba3 Rb5 22. 0-0 Rxb1 23. Rxb1 b5 24. d4 Rd8 25. e3 Nd5 26. Rc1 Bf8 27. Bc5 Nb4 28. Bxf8 Kxf8 29. a3 N4a6 30. Bxc6 Rc8 31. d5 Nxc6 32. dxc6 Ke7 33. Rb1 Nc7 34. Nf3 Rd8 35. Nd4 Rd5 36. Kf1 Rc5 37. Ke2 Kd6 38. Kd3 f5 39. h3 h5 40. h4 Kd5 41. Rb2 Kd6 42. f3 Kd5 43. e4+ fxe4+ 44. fxe4+ Ke5 45. Rc2 Rxc2 46. Nxc2 Kd6 47. Nd4 Ke5 48. Ne2 b4 49. axb4 a3 50. Nc3 Nb5 51. Kc4 Nd6+ 52. Kb3 Kd4 53. b5 Nc8 54. Na4 Nd6 55. b6 1-0

[Event "Titled Tuesday intern op 14th Mar Late"]
[Site "Chess.com INT"]
[Date "2023.03.14"]
[Round "10"]
[White "Kostiukov, Alexandr"]
[Black "Saravana, Krishnan P"]
[Result "0-1"]
[WhiteElo "2271"]
[BlackElo "2284"]
[PlyCount "44"]
[EventDate "2023.03.14"]
[EventType "swiss (blitz)"]
[EventRounds "11"]
[EventCountry "USA"]
[SourceTitle "EXT 2024"]
[Source "ChessBase"]
[SourceDate "2023.10.10"]
[SourceVersion "1"]
[SourceVersionDate "2023.10.10"]
[SourceQuality "1"]

1. g3 e5 2. Bg2 Nf6 3. c4 Bc5 4. Nc3 0-0 5. Nf3 d6 6. 0-0 c6 7. e3 Bb6 8. d4 e4 9. Ne1 d5 10. Qc2 Re8 11. f3 exf3 12. Nxf3 dxc4 13. Ne5 Be6 14. Kh1 Nbd7 15. Nf3 c5 16. Bd2 cxd4 17. exd4 Bc7 18. Rae1 h6 19. Be3 Nb6 20. Ne5 Nbd5 21. Bd2 Nb4 22. Qb1 Qxd4 0-1

[Event "Titled Tuesday intern op 28th Feb Early"]
[Site "Chess.com INT"]
[Date "2023.02.28"]
[Round "1"]
[White "Saravana, Krishnan P"]
[Black "Player, Edmund C"]
[Result "1-0"]
[WhiteElo "2284"]
[BlackElo "2201"]
[PlyCount "115"]
[EventDate "2023.02.28"]
[EventType "swiss (blitz)"]
[EventRounds "11"]
[EventCountry "USA"]
[SourceTitle "CBM 213 Extra"]
[Source "ChessBase"]
[SourceDate "2023.05.31"]
[SourceVersion "1"]
[SourceVersionDate "2023.05.31"]
[SourceQuality "1"]

1. e4 e6 2. d4 d5 3. Nd2 h6 4. Bd3 c5 5. exd5 exd5 6. Qe2+ Qe7 7. dxc5 Qxe2+ 8. Nxe2 Bxc5 9. Nb3 Bb6 10. Ned4 Ne7 11. Be3 Nbc6 12. c3 Nxd4 13. Bxd4 0-0 14. 0-0 Bc7 15. Rfe1 Nc6 16. Bc5 Rd8 17. Nd4 Ne5 18. Bb5 Bd7 19. Rad1 a6 20. Bxd7 Rxd7 21. Nf5 Rad8 22. Bd4 f6 23. f4 Nc4 24. b3 Nb6 25. g3 Kf7 26. Kg2 Nc8 27. Rd3 Nd6 28. Nxd6+ Bxd6 29. Red1 Re7 30. Kf3 Rde8 31. R1d2 b5 32. Bf2 Ba3 33. Rxd5 Bc1 34. R2d3 Re2 35. Rd7+ Kg6 36. Rd1 Bb2 37. Rc7 Rc2 38. Rdd7 Rg8 39. c4 bxc4 40. Rxc4 Rxc4 41. bxc4 Rc8 42. c5 Ba3 43. Rd5 Kf7 44. f5 Ke7 45. Ke4 Rc6 46. Kd4 a5 47. Kc4 Bb2 48. Kb5 Rc8 49. c6 Be5 50. Bc5+ Ke8 51. Bb6 Rb8 52. Kxa5 Ra8+ 53. Kb5 Rxa2 54. c7 Rc2 55. Be3 Rxc7 56. Bb6 Rb7 57. Kc6 Rd7 58. Rxd7 1-0

[Event "Titled Tuesday intern op 28th Feb Early"]
[Site "Chess.com INT"]
[Date "2023.02.28"]
[Round "3"]
[White "Saravana, Krishnan P"]
[Black "Smith, Garrett L"]
[Result "1-0"]
[WhiteElo "2284"]
[BlackElo "2047"]
[PlyCount "39"]
[EventDate "2023.02.28"]
[EventType "swiss (blitz)"]
[EventRounds "11"]
[EventCountry "USA"]
[SourceTitle "CBM 213 Extra"]
[Source "ChessBase"]
[SourceDate "2023.05.31"]
[SourceVersion "1"]
[SourceVersionDate "2023.05.31"]
[SourceQuality "1"]

1. e4 c5 2. Ne2 Nc6 3. Nbc3 e5 4. g3 Nf6 5. Bg2 d6 6. d3 h6 7. 0-0 Be7 8. f4 b6 9. h3 Bb7 10. a3 Nd4 11. Be3 Qd7 12. g4 Nxe2+ 13. Qxe2 g6 14. fxe5 dxe5 15. Rf3 Nh7 16. Raf1 Ng5 17. R3f2 Rh7 18. Nd5 Bxd5 19. exd5 Bd6 20. h4 1-0

[Event "Titled Tuesday intern op 14th Feb Early"]
[Site "Chess.com INT"]
[Date "2023.02.14"]
[Round "4"]
[White "Saravana, Krishnan P"]
[Black "Iljin, Timofey"]
[Result "0-1"]
[WhiteElo "2284"]
[BlackElo "2337"]
[PlyCount "90"]
[EventDate "2023.02.14"]
[EventType "swiss (blitz)"]
[EventRounds "11"]
[EventCountry "USA"]
[SourceTitle "CBM 212 Extra"]
[Source "ChessBase"]
[SourceDate "2023.03.31"]
[SourceVersion "1"]
[SourceVersionDate "2023.03.31"]
[SourceQuality "1"]

1. e4 e5 2. Nf3 Nc6 3. Bb5 a6 4. Ba4 Nf6 5. 0-0 b5 6. Bb3 Bc5 7. a4 Bb7 8. d3 d6 9. Bg5 h6 10. Bxf6 Qxf6 11. Bd5 0-0 12. Nc3 b4 13. Ne2 a5 14. c3 Rab8 15. d4 exd4 16. cxd4 Bb6 17. Rc1 Ne7 18. Bxb7 Rxb7 19. Ng3 Re8 20. Re1 Ng6 21. Nh5 Qe6 22. h3 c5 23. d5 Qe7 24. Qd3 Ne5 25. Nxe5 Qxe5 26. Ng3 Qxb2 27. Nf5 Qe5 28. g3 Kh7 29. Kg2 g6 30. f4 Qf6 31. Nh4 Bc7 32. Nf3 b3 33. Qa6 Rb6 34. Qa7 Re7 35. e5 dxe5 36. fxe5 Bxe5 37. Qxa5 Bc7 38. Rf1 b2 39. Rb1 Re2+ 40. Kh1 Qf5 41. Ng5+ Qxg5 42. Rxf7+ Kg8 43. Rbf1 Qxd5+ 44. R7f3 b1Q 45. Qa8+ Qxa8 0-1